000
00291nam a2200109Ia 4500
008
220204s9999 xx 000 0 und d
082
_a
531.111
_b
DAV
100
_a
Davies, D C W
245
0
_a
Space and time in the modern universe
260
_a
London
_b
Cambridge University
_c
1977
942
_c
BK
999
_c
25738
_d
25738